000 00237 a2200109 4500
001 60143
082 _a515.35 BRA
090 _c36954
_d36954
100 _aBrawer F
245 _aIntroduction to Differential Equcations
300 _a628
942 _acaenust
_k515.35 BRA
999 _c295216
_d295216